Za'ba : Pendita

Bibliographic Details
Main Author: Ahmad Bujang
Format: Book
Published: Kuala Lumpur : Berita Publishing Sdn Bhd , 1986
Series:Siri Orang Ternama Baka
Subjects:

MARC

LEADER 00000cam a2200000 7i4500
001 0000120856
005 20170216.0
008 170216 bm
020 |a 9679691047 
090 0 0 |a J 950 SIR 
100 1 |a Ahmad Bujang 
245 1 0 |a Za'ba :   |b Pendita   |c Ahmad Bujang 
260 |a Kuala Lumpur :   |b Berita Publishing Sdn Bhd ,   |c 1986 
300 |a 28p. :   |b ill. ;   |c 20 cm. 
440 0 |a Siri Orang Ternama Baka 
650 0 0 |a Junior Fiction, Malay 
999 |a 0000415267   |b Buku   |c Koleksi Pinjaman Kanak-Kanak   |e Perpustakaan Cawangan Jasin